000 00677nam a22002417a 4500
005 20170124105923.0
010 _aA-55594
020 _c00
035 _aA-55594
037 _bCen Lib/Ret
040 _aDPL
_bEN
082 _a320.942
_bHAI
100 _aHailsham, Lord
_95312
245 _aThe dilemm'a of democracy :
_cby Lord Hailsham
_bdiagnosis and prescriction /
246 _b
260 _bWilliam Collins and Sons
_c1978
_aLondon
270 _bLondon
_ast james palce
300 _a238p.
_c20cm(Hb)
500 _aIncludes index
650 _aPolitical Sciences
_9833
650 _aDemocracy
_9826
942 _2ddc
_cEN
_h320.942
_mHAI
999 _c123302
_d123302